[Event "IECC CL2-2012.06 email"]
[Site "IECC email"]
[Date "2012.12.19"]
[Round "?"]
[White "Fielding, Gerald Kensell"]
[Black "Petrovic, Dusan M"]
[Result "1/2-1/2"]
[WhiteElo "1994"]
[BlackElo "2154"]
[PlyCount "114"]
[EventDate "2012.??.??"]
[EventType "tourn (corr)"]
[EventRounds "4"]
[SourceTitle "Telechess CBM 165"]
[Source "ChessBase"]
[SourceDate "2015.03.11"]
[SourceVersion "1"]
[SourceVersionDate "2015.03.11"]
[SourceQuality "1"]
[WhiteTeam "Canada"]
[BlackTeam "SCG"]
[WhiteTeamCountry "CAN"]

1. d4 d5 2. c4 e6 3. cxd5 exd5 4. Nc3 Nf6 5. Bg5 c6 6. Qc2 h6 7. Bh4 Bd6 8. e3 0-0 9. Bd3 Be6 10. Nge2 Re8 11. h3 Nbd7 12. 0-0 a6 13. f4 Nb6 14. f5 Bd7 15. e4 dxe4 16. Bxf6 Qxf6 17. Nxe4 Rxe4 18. Bxe4 Re8 19. Rf3 Qh4 20. Nc3 Nd5 21. Bxd5 Qxd4+ 22. Qf2 Qxf2+ 23. Rxf2 cxd5 24. Re2 Be5 25. Rae1 f6 26. Nxd5 Bxf5 27. Rd1 Bd7 28. Rc2 Bc6 29. Nb4 Bb5 30. b3 Bg3 31. a4 Be2 32. Rdc1 Kh7 33. Nd5 Re6 34. Rd2 Bh5 35. Rd3 Bb8 36. Rc8 Bg6 37. Rd1 Bg3 38. Rf1 Bf7 39. Rc3 Bb8 40. Rd1 h5 41. Kf1 Be5 42. Re3 Rd6 43. Red3 h4 44. Ne3 Rc6 45. Kg1 Kg6 46. Ng4 Bb8 47. Nh2 Rb6 48. Rb1 Kh7 49. Rd4 g5 50. Nf3 Bf4 51. Rd8 Kg6 52. b4 Rc6 53. a5 Rc7 54. Ne1 Re7 55. Nd3 Bg3 56. Nc5 Be8 57. Rc8 Bc6 1/2-1/2

[Event "IECC CL3-2011.09 email"]
[Site "IECC email"]
[Date "2011.12.03"]
[Round "?"]
[White "Boyce, Harry"]
[Black "Fielding, Gerald Kensell"]
[Result "1/2-1/2"]
[WhiteElo "1915"]
[BlackElo "1899"]
[PlyCount "70"]
[EventDate "2011.??.??"]
[EventType "tourn (corr)"]
[EventRounds "4"]
[SourceTitle "Telechess CBM 165"]
[Source "ChessBase"]
[SourceDate "2015.03.11"]
[SourceVersion "1"]
[SourceVersionDate "2015.03.11"]
[SourceQuality "1"]
[WhiteTeam "Australia"]
[BlackTeam "Canada"]
[WhiteTeamCountry "AUS"]
[BlackTeamCountry "CAN"]

1. d4 Nf6 2. c4 g6 3. Nc3 Bg7 4. e4 d6 5. Nf3 0-0 6. Be2 Nbd7 7. Be3 e5 8. 0-0 c6 9. d5 c5 10. Ne1 Kh8 11. Nd3 Ng8 12. Qd2 Qe7 13. a4 f5 14. exf5 gxf5 15. f3 f4 16. Bf2 Nh6 17. Nb5 Rg8 18. Rfe1 Nf5 19. Bf1 Nf6 20. b4 a6 21. Nc3 cxb4 22. Nxb4 Bh6 23. Nc2 Bg5 24. a5 Bh4 25. Reb1 Qf7 26. Ne4 Bxf2+ 27. Qxf2 Nxe4 28. fxe4 Nh6 29. Ra3 Ng4 30. Qb6 Qh5 31. Rh3 Qg6 32. Rc3 f3 33. Rxf3 Nxh2 34. Rf2 Ng4 35. Rf3 Nh2 1/2-1/2

[Event "IECC CL3-2011.02 email"]
[Site "IECC email"]
[Date "2011.04.11"]
[Round "?"]
[White "Fielding, Gerald Kensell"]
[Black "Kilburn, Gene"]
[Result "1-0"]
[WhiteElo "1840"]
[BlackElo "1872"]
[PlyCount "63"]
[EventDate "2011.??.??"]
[EventType "tourn (corr)"]
[EventRounds "4"]
[SourceTitle "Telechess CBM 145"]
[Source "Chessbase"]
[SourceDate "2011.11.11"]
[SourceVersion "1"]
[SourceVersionDate "2011.11.11"]
[SourceQuality "1"]
[WhiteTeam "Canada"]
[BlackTeam "US of America"]
[WhiteTeamCountry "CAN"]
[BlackTeamCountry "USA"]

1. d4 Nf6 2. c4 e5 3. dxe5 Ne4 4. Nf3 Bb4+ 5. Nbd2 Nc6 6. a3 Bxd2+ 7. Bxd2 Nxd2 8. Qxd2 0-0 9. Qc3 Re8 10. Rd1 Qe7 11. Rd5 Nd8 12. e3 b6 13. Be2 Bb7 14. Rd2 Ne6 15. 0-0 Nf8 16. Rc1 Ng6 17. c5 Rac8 18. b4 Rcd8 19. Qd4 Bxf3 20. gxf3 Nxe5 21. cxb6 cxb6 22. f4 Nc6 23. Qd6 Qh4 24. Qc7 Re6 25. Rxd7 Rg6+ 26. Kh1 Rh6 27. Rxd8+ Nxd8 28. f5 Qe4+ 29. f3 Qa8 30. Rd1 Nc6 31. b5 Qf8 32. bxc6 1-0

[Event "IECC KO-3062"]
[Site "IECC email"]
[Date "2009.04.14"]
[Round "?"]
[White "Boyce, Harry"]
[Black "Fielding, Gerald Kensell"]
[Result "1-0"]
[WhiteElo "1726"]
[BlackElo "1902"]
[PlyCount "87"]
[EventDate "2008.??.??"]
[EventType "match (corr)"]
[EventRounds "2"]
[SourceTitle "Corr 2011"]
[Source "ChessBase"]
[SourceDate "2010.08.31"]
[SourceVersion "1"]
[SourceVersionDate "2010.08.31"]
[SourceQuality "1"]
[WhiteTeam "Australia"]
[BlackTeam "Canada"]
[WhiteTeamCountry "AUS"]
[BlackTeamCountry "CAN"]

1. c4 Nf6 2. Nf3 e6 3. d4 b6 4. a3 Bb7 5. Nc3 d5 6. Bg5 Be7 7. Qa4+ c6 8. Bxf6 Bxf6 9. e4 dxc4 10. Qxc4 0-0 11. Rd1 Nd7 12. e5 Be7 13. Bd3 Qb8 14. Be4 a5 15. Qd3 h6 16. Qe3 b5 17. 0-0 b4 18. Na4 Ba6 19. Bxc6 Bxf1 20. Kxf1 Ra7 21. d5 Rc7 22. axb4 Bxb4 23. b3 exd5 24. Bxd5 Re8 25. h3 Nc5 26. Nxc5 Bxc5 27. Qe2 Qb4 28. Bc4 Bb6 29. Qe4 Qc5 30. Qe2 Rce7 31. Qc2 Rc8 32. Rd4 Kh8 33. Qf5 Rce8 34. Bd3 g6 35. Qf6+ Kh7 36. Bc4 Qc7 37. Rd6 Ba7 38. h4 a4 39. h5 a3 40. Bxf7 Rxf7 41. hxg6+ Kg8 42. gxf7+ Qxf7 43. Qxh6 Qh7 44. Qg5+ 1-0

[Event "IECC KO-3062"]
[Site "IECC email"]
[Date "2009.04.14"]
[Round "?"]
[White "Fielding, Gerald Kensell"]
[Black "Boyce, Harry"]
[Result "0-1"]
[WhiteElo "1928"]
[BlackElo "1700"]
[PlyCount "68"]
[EventDate "2008.??.??"]
[EventType "match (corr)"]
[EventRounds "2"]
[SourceTitle "Corr 2011"]
[Source "ChessBase"]
[SourceDate "2010.08.31"]
[SourceVersion "1"]
[SourceVersionDate "2010.08.31"]
[SourceQuality "1"]
[WhiteTeam "Canada"]
[BlackTeam "Australia"]
[WhiteTeamCountry "CAN"]
[BlackTeamCountry "AUS"]

1. d4 d5 2. c4 c6 3. Nf3 Nf6 4. Nc3 dxc4 5. a4 Bf5 6. Ne5 Nbd7 7. Nxc4 Qc7 8. g3 e5 9. dxe5 Nxe5 10. Bf4 Nfd7 11. Bg2 g5 12. Ne3 gxf4 13. Nxf5 0-0-0 14. Qc2 Nc5 15. 0-0 fxg3 16. hxg3 a5 17. Rad1 Kb8 18. Rxd8+ Qxd8 19. Rd1 Qf6 20. Bh3 h5 21. Qd2 h4 22. g4 Rg8 23. Kf1 Ne6 24. Ne4 Nxg4 25. Bxg4 Qe5 26. f3 Rxg4 27. fxg4 Qxe4 28. Nd6 Qh1+ 29. Kf2 Qh2+ 30. Kf1 Nf4 31. Qe3 Qh1+ 32. Qg1 Qh3+ 33. Ke1 Ng2+ 34. Kf2 Qg3+ 0-1

[Event "IECC KO-3062"]
[Site "IECC email"]
[Date "2008.08.17"]
[Round "?"]
[White "Tsiapouris, Michael"]
[Black "Fielding, Gerald Kensell"]
[Result "0-1"]
[WhiteElo "1688"]
[BlackElo "1927"]
[PlyCount "86"]
[EventDate "2008.??.??"]
[EventType "match (corr)"]
[EventRounds "2"]
[SourceTitle "Corr 2011"]
[Source "ChessBase"]
[SourceDate "2010.08.31"]
[SourceVersion "1"]
[SourceVersionDate "2010.08.31"]
[SourceQuality "1"]
[WhiteTeam "Greece"]
[BlackTeam "Canada"]
[WhiteTeamCountry "GRE"]
[BlackTeamCountry "CAN"]

1. c4 Nf6 2. g3 c5 3. Bg2 d5 4. cxd5 Nxd5 5. Nc3 Nc7 6. Nf3 Nc6 7. 0-0 e5 8. d3 Be7 9. Nd2 Bd7 10. Nc4 f6 11. a4 0-0 12. f4 exf4 13. Bxf4 Be6 14. Ne3 Rc8 15. a5 Na6 16. Ned5 Nab4 17. Nxe7+ Qxe7 18. Ne4 Rfd8 19. Be3 Nd4 20. Bxd4 cxd4 21. Rc1 Nd5 22. Qd2 f5 23. Nf2 Ne3 24. Rfe1 h5 25. Bf3 h4 26. Rxc8 Rxc8 27. Rc1 Rf8 28. Nd1 Qg5 29. Nxe3 dxe3 30. Qe1 f4 31. Kg2 hxg3 32. hxg3 Rf6 33. b4 Rh6 34. Rc5 Qg6 35. Rc4 Bxc4 36. dxc4 Qc2 37. Bd5+ Kh8 38. Qf1 Qf5 39. Qe1 Rh3 40. gxf4 Qg4+ 41. Kf1 Qxf4+ 42. Kg1 Qh2+ 43. Kf1 Rg3 0-1

[Event "IECC CL3-2007.05 email"]
[Site "IECC email"]
[Date "2007.04.23"]
[Round "?"]
[White "Fielding, Gerald Kensell"]
[Black "Hendriks, Marrien"]
[Result "0-1"]
[WhiteElo "1971"]
[BlackElo "1739"]
[PlyCount "74"]
[EventDate "2007.??.??"]
[EventType "tourn (corr)"]
[EventRounds "4"]
[SourceTitle "Corr 2011"]
[Source "ChessBase"]
[SourceDate "2010.08.31"]
[SourceVersion "1"]
[SourceVersionDate "2010.08.31"]
[SourceQuality "1"]
[WhiteTeam "Italy"]
[BlackTeam "Chile"]
[WhiteTeamCountry "ITA"]
[BlackTeamCountry "CHI"]

1. d4 Nf6 2. c4 e6 3. Nc3 Bb4 4. Qc2 c5 5. dxc5 Bxc5 6. Nf3 Nc6 7. Bg5 h6 8. Bh4 0-0 9. e3 b6 10. Be2 Bb7 11. 0-0 g5 12. Bg3 Nh5 13. Rad1 f5 14. Rd2 g4 15. Bh4 Qc8 16. Nd4 Nf4 17. Rfd1 Nxg2 18. Bg3 h5 19. Ncb5 Nb4 20. Qb3 f4 21. exf4 Nxf4 22. Qe3 Nh3+ 23. Kf1 Rf7 24. Qh6 Qf8 25. Qg6+ Qg7 26. Qxh5 Nxf2 27. Bxf2 g3 28. hxg3 Rxf2+ 29. Kxf2 Rf8+ 30. Bf3 Bxf3 31. Qxf3 e5 32. Kg2 Rxf3 33. Nxf3 e4 34. Ne1 e3 35. Re2 Qg4 36. Nc3 Nxa2 37. Nf3 Nxc3 0-1

[Event "IECC CL3-2007.05 email"]
[Site "IECC email"]
[Date "2007.04.23"]
[Round "?"]
[White "Nett, Philipp"]
[Black "Fielding, Gerald Kensell"]
[Result "1-0"]
[WhiteElo "1925"]
[BlackElo "1993"]
[PlyCount "61"]
[EventDate "2007.??.??"]
[EventType "tourn (corr)"]
[EventRounds "4"]
[SourceTitle "Corr 2008"]
[Source "ChessBase"]
[SourceDate "2008.06.24"]
[SourceVersion "1"]
[SourceVersionDate "2008.06.24"]
[SourceQuality "1"]
[WhiteTeam "Switzerland"]
[BlackTeam "Canada"]
[WhiteTeamCountry "SUI"]
[BlackTeamCountry "CAN"]

1. d4 Nf6 2. c4 g6 3. Nf3 Bg7 4. Nc3 0-0 5. e4 d6 6. Be2 Nbd7 7. 0-0 e5 8. Be3 c6 9. d5 c5 10. a3 Ng4 11. Bg5 f6 12. Bd2 Nh6 13. Rb1 Nf7 14. Qc2 Bh6 15. b4 b6 16. Rb2 Kh8 17. Rfb1 Bxd2 18. Nxd2 Rg8 19. Nf1 Nf8 20. bxc5 bxc5 21. Ne3 Nh6 22. Qa4 a5 23. Qc6 Ra7 24. Qb6 Qc7 25. Qxc7 Rxc7 26. Rb6 Nf7 27. Rc6 Rxc6 28. dxc6 Ne6 29. Ned5 Nd4 30. Ne7 Re8 31. Rb8 1-0

[Event "IECC P-4041"]
[Site "IECC email"]
[Date "2005.11.21"]
[Round "?"]
[White "Fielding, Gerald Kensell"]
[Black "Malmstroem, Jan"]
[Result "0-1"]
[WhiteElo "2063"]
[BlackElo "2020"]
[PlyCount "64"]
[EventDate "2005.??.??"]
[EventType "tourn (corr)"]
[EventRounds "1"]
[SourceTitle "Corr 2008"]
[Source "ChessBase"]
[SourceDate "2008.06.24"]
[SourceVersion "1"]
[SourceVersionDate "2008.06.24"]
[SourceQuality "1"]

1. d4 Nf6 2. c4 g6 3. g3 Bg7 4. Bg2 d6 5. Nf3 0-0 6. Nc3 Nbd7 7. 0-0 e5 8. e4 h6 9. Qc2 c6 10. dxe5 dxe5 11. Rd1 Qe7 12. b3 b6 13. a4 a5 14. Ba3 Nc5 15. Ne1 Be6 16. Nd3 Nfd7 17. Rd2 Rac8 18. Re1 Rfd8 19. f4 exf4 20. Nxf4 Ne5 21. Nxe6 Qxe6 22. Bxc5 bxc5 23. h3 Qf6 24. Red1 Rxd2 25. Rxd2 Qg5 26. Kh2 h5 27. Ne2 h4 28. gxh4 Qxh4 29. Ng1 Bh6 30. Re2 Rd8 31. Kh1 Qg3 32. Bf1 Be3 0-1

[Event "IECC CL2-2003.28 email"]
[Site "IECC email"]
[Date "2003.10.22"]
[Round "?"]
[White "Makowski, Tomasz"]
[Black "Fielding, Gerald Kensell"]
[Result "1/2-1/2"]
[WhiteElo "2021"]
[BlackElo "2090"]
[PlyCount "43"]
[EventDate "2003.??.??"]
[EventType "tourn (corr)"]
[EventRounds "4"]
[SourceTitle "Corr 2008"]
[Source "ChessBase"]
[SourceDate "2008.06.24"]
[SourceVersion "1"]
[SourceVersionDate "2008.06.24"]
[SourceQuality "1"]

1. d4 Nf6 2. c4 e6 3. Nc3 Bb4 4. Bg5 h6 5. Bh4 c5 6. e3 Qa5 7. Nge2 Ne4 8. Qd3 d5 9. a3 cxd4 10. Qxd4 Nxc3 11. Nxc3 Bxc3+ 12. bxc3 0-0 13. cxd5 exd5 14. Qb4 Nc6 15. Qxa5 Nxa5 16. Bg3 Be6 17. Be5 Rfc8 18. Rb1 Nc4 19. Bxc4 dxc4 20. Rxb7 Rc5 21. f4 Ra5 22. Bd6 1/2-1/2

[Event "IECC M email"]
[Site "IECC email"]
[Date "2003.03.08"]
[Round "?"]
[White "Nagley, Tim"]
[Black "Fielding, Gerald Kensell"]
[Result "1-0"]
[WhiteElo "2145"]
[BlackElo "2050"]
[PlyCount "57"]
[EventDate "2003.??.??"]
[EventType "tourn (corr)"]
[EventRounds "6"]
[SourceTitle "Corr 2008"]
[Source "ChessBase"]
[SourceDate "2008.06.24"]
[SourceVersion "1"]
[SourceVersionDate "2008.06.24"]
[SourceQuality "1"]

1. e4 c5 2. f4 g6 3. Nf3 Bg7 4. Nc3 Nc6 5. Bb5 Nd4 6. 0-0 Nxb5 7. Nxb5 d5 8. e5 d4 9. c3 a6 10. Na3 d3 11. Qa4+ Qd7 12. Qe4 Qf5 13. Qd5 Qxf4 14. Ne1 e6 15. Qxd3 Qg4 16. Nc4 Bf8 17. Nd6+ Bxd6 18. Qxd6 Ne7 19. Qxc5 Bd7 20. d3 Bc6 21. Qf2 Nf5 22. Nc2 0-0-0 23. Nb4 Bb5 24. Qc5+ Kb8 25. Be3 Nxe3 26. Qxe3 Rhf8 27. a4 Bd7 28. Nxa6+ Ka8 29. Nb4 1-0

[Event "IECC CL2-2001.40"]
[Site "IECC email"]
[Date "2001.11.09"]
[Round "?"]
[White "Fielding, Gerald Kensell"]
[Black "Koch, Martin"]
[Result "1-0"]
[WhiteElo "2086"]
[BlackElo "2063"]
[PlyCount "101"]
[EventDate "2001.??.??"]
[EventType "tourn (corr)"]
[EventRounds "4"]
[SourceTitle "Corr 2008"]
[Source "ChessBase"]
[SourceDate "2008.06.24"]
[SourceVersion "1"]
[SourceVersionDate "2008.06.24"]
[SourceQuality "1"]

1. d4 Nf6 2. c4 c5 3. d5 e6 4. Nc3 exd5 5. cxd5 d6 6. e4 g6 7. Nf3 Bg7 8. Be2 0-0 9. 0-0 Re8 10. Nd2 Na6 11. f3 Nc7 12. a4 b6 13. Kh1 Rb8 14. Nc4 Ba6 15. Bg5 h6 16. Be3 Bxc4 17. Bxc4 a6 18. Qd3 Qc8 19. Bf4 Rd8 20. Rab1 Bf8 21. b4 Nd7 22. Qd2 Kh7 23. Be2 Ne8 24. b5 a5 25. Bg3 Bg7 26. f4 f6 27. Bg4 Qc7 28. Rbe1 Rb7 29. Re2 Ra7 30. h4 Nf8 31. Qd3 Kg8 32. Rfe1 Qf7 33. Bh2 f5 34. Bf3 Bxc3 35. Qxc3 fxe4 36. Bxe4 Nf6 37. Qd3 Nxe4 38. Qxe4 Qf5 39. Qxf5 gxf5 40. h5 Kf7 41. Bg3 Rc8 42. Bh4 Rcc7 43. Bd8 Rcb7 44. Kg1 Kg8 45. Bf6 Rd7 46. Bc3 Rdc7 47. Re8 Kf7 48. Rd8 Rd7 49. Ree8 Rxd8 50. Rxd8 Rd7 51. Rb8 1-0

[Event "IECC CL2-2001.40"]
[Site "IECC email"]
[Date "2001.11.09"]
[Round "?"]
[White "Le Duigou, Jean Guy"]
[Black "Fielding, Gerald Kensell"]
[Result "1/2-1/2"]
[WhiteElo "2127"]
[BlackElo "2104"]
[PlyCount "62"]
[EventDate "2001.??.??"]
[EventType "tourn (corr)"]
[EventRounds "4"]
[SourceTitle "Corr 2008"]
[Source "ChessBase"]
[SourceDate "2008.06.24"]
[SourceVersion "1"]
[SourceVersionDate "2008.06.24"]
[SourceQuality "1"]

1. d4 Nf6 2. c4 e6 3. Nf3 b6 4. e3 Bb7 5. Bd3 d5 6. 0-0 Bd6 7. b3 0-0 8. Bb2 Nbd7 9. Nc3 a6 10. Qe2 Ne4 11. Rad1 f5 12. Bb1 Qf6 13. Ne1 Qh6 14. f4 g5 15. Nd3 gxf4 16. Nxf4 Ndf6 17. Nxe4 Nxe4 18. Bd3 Rf7 19. Bxe4 fxe4 20. Qg4+ Kh8 21. Qxe6 Rf6 22. Qh3 Qxh3 23. Nxh3 Raf8 24. Rxf6 Rxf6 25. c5 Bf8 26. Nf4 Bh6 27. g3 Bxf4 28. exf4 Kg7 29. Kf2 Kg6 30. Ke3 h5 31. Rc1 b5 1/2-1/2

[Event "IECC CL2-2001.27"]
[Site "IECC email"]
[Date "2001.07.18"]
[Round "?"]
[White "Fielding, Gerald Kensell"]
[Black "Maloberti, David"]
[Result "1-0"]
[WhiteElo "2133"]
[BlackElo "2129"]
[PlyCount "79"]
[EventDate "2001.??.??"]
[EventType "tourn (corr)"]
[EventRounds "4"]
[SourceTitle "Corr 2008"]
[Source "ChessBase"]
[SourceDate "2008.06.24"]
[SourceVersion "1"]
[SourceVersionDate "2008.06.24"]
[SourceQuality "1"]

1. d4 Nf6 2. c4 g6 3. Nc3 Bg7 4. e4 d6 5. f3 0-0 6. Be3 e5 7. d5 Nh5 8. Qd2 f5 9. exf5 gxf5 10. 0-0-0 Nd7 11. Bd3 Ndf6 12. Nge2 a6 13. Ng3 f4 14. Nxh5 Nxh5 15. Bf2 Nf6 16. g4 b5 17. c5 b4 18. Ne4 a5 19. h4 Nxe4 20. Bxe4 Qf6 21. Qc2 Qh6 22. Rdg1 Kh8 23. c6 Ba6 24. Rh2 Rg8 25. Be1 Bf6 26. Qg2 Qg7 27. g5 Be7 28. Qc2 Rgb8 29. Rhg2 a4 30. h5 b3 31. axb3 axb3 32. Qb1 h6 33. gxh6 Qxh6 34. Rg7 Rg8 35. Rxg8+ Rxg8 36. Rxg8+ Kxg8 37. Qa1 Bc4 38. Qa4 Be2 39. Qa8+ Bf8 40. Qe8 1-0

[Event "IECC CL2-2001.20"]
[Site "IECC email"]
[Date "2001.05.26"]
[Round "?"]
[White "Fielding, Gerald Kensell"]
[Black "Maloberti, David"]
[Result "0-1"]
[WhiteElo "2136"]
[BlackElo "2129"]
[PlyCount "90"]
[EventDate "2001.??.??"]
[EventType "tourn (corr)"]
[EventRounds "4"]
[SourceTitle "Corr 2008"]
[Source "ChessBase"]
[SourceDate "2008.06.24"]
[SourceVersion "1"]
[SourceVersionDate "2008.06.24"]
[SourceQuality "1"]

1. d4 Nf6 2. c4 g6 3. g3 Bg7 4. Bg2 0-0 5. Nc3 d6 6. Nf3 Nbd7 7. 0-0 e5 8. e4 c6 9. h3 h6 10. Be3 Re8 11. Qc2 Qe7 12. Rad1 b6 13. Rfe1 Bb7 14. b4 Red8 15. Qb3 c5 16. bxc5 dxc5 17. dxe5 Nxe5 18. Nxe5 Qxe5 19. f4 Qe7 20. Nd5 Nxd5 21. cxd5 Rac8 22. e5 c4 23. Qc2 Qb4 24. Re2 Rd7 25. Kh2 c3 26. Bc1 Qc4 27. Re4 Qc5 28. Red4 b5 29. Qb3 a5 30. Bf1 Bc6 31. a3 Rcd8 32. Bg2 Ba8 33. R4d3 b4 34. Be3 Qb5 35. a4 Qb7 36. Bf3 Qa6 37. e6 fxe6 38. dxe6 Bxf3 39. exd7+ Kh8 40. Qf7 Bxd1 41. Qe8+ Kh7 42. Qxd8 Qxd3 43. Qe7 Bf3 44. g4 Qe2+ 45. Kg3 Qg2+ 0-1

[Event "IECC KO email"]
[Site "IECC email"]
[Date "2001.04.02"]
[Round "?"]
[White "Fielding, Gerald Kensell"]
[Black "Belov, Dmitry"]
[Result "0-1"]
[WhiteElo "2158"]
[BlackElo "2233"]
[PlyCount "64"]
[EventDate "2001.??.??"]
[EventType "tourn (corr)"]
[EventRounds "6"]
[SourceTitle "Corr 2008"]
[Source "ChessBase"]
[SourceDate "2008.06.24"]
[SourceVersion "1"]
[SourceVersionDate "2008.06.24"]
[SourceQuality "1"]

1. d4 d5 2. c4 dxc4 3. Nf3 c6 4. e3 b5 5. a4 e6 6. axb5 cxb5 7. b3 Bb4+ 8. Bd2 Bxd2+ 9. Nfxd2 a5 10. bxc4 b4 11. Qf3 Ra7 12. Qg3 Nc6 13. Qxg7 Qf6 14. Qg3 Nge7 15. Bd3 Qh6 16. Ne4 Kf8 17. Nd6 e5 18. Nxc8 Nxc8 19. d5 Rg8 20. Qf3 e4 21. Qxe4 Nd6 22. Qf4 Qxf4 23. exf4 Nd4 24. g3 Nb3 25. Ra2 Nc1 26. Rd2 Nxd3+ 27. Rxd3 Nxc4 28. Rd4 Nd6 29. Kd1 Kg7 30. Kc2 Rc8+ 31. Kb3 a4+ 32. Kb2 a3+ 0-1